Financie verejnoprospešných subjektov

Bibliographic Details
Main Author: Beňová, Elena (Author)
Format: Book
Language:Slovak
PhysicalDescription:213 s. sch., tab. 21 cm
Published: Bratislava Ekonóm 2000
ISBN:8022513008
Subjects:

MARC

LEADER 00000cam a2200000 a 4500
001 vtls001409505
003 SK-MaSNL
005 20260301120312.0
008 160415s2000 xo ap frp 00100 slo
015 |a SNBA2001/05-01828 
020 |a 8022513008 
035 |a SNK000364193 
040 |a SNK  |b slo  |c SNK  |e AACR2 
041 0 |a slo 
044 |a xo  |c SK 
080 |a 336.61(075.8)  |2 1981 
100 1 |a Beňová, Elena  |4 aut  |9 277682 
245 1 0 |a Financie verejnoprospešných subjektov  |c Elena Beňová 
260 |a Bratislava  |b Ekonóm  |c 2000 
300 |a 213 s.  |b sch., tab.  |c 21 cm 
500 |a 500 výt. 
504 |a Bibliogr. s. 207-212 
650 0 7 |a verejnoprospešné organizácie  |2 SNKPH  |9 86922 
650 0 7 |a financie  |2 SNKPH  |9 2205 
655 7 |a učebnice vysokých škôl  |2 SNKPH  |9 70191 
919 |a 80-225-1300-8 
958 |a TL 
958 |a NB 
958 |a UV 
958 |a OND 
999 |c 725413  |d 727343 
952 |t P60, <04>, [BOOK], {604}  |a SNK  |b SNK  |y VYP  |7 0  |p 17A0293514  |o snkSC 104292 D1  |i snkKSP 3997/2001  |0 0  |1 0  |4 0  |d 2001-03-19  |l 0  |r 2005-01-02 00:00:00  |w 2026-02-23 
952 |t P60, <03>, [BOOK], {603}  |a SNK  |b SNK  |y PREZ  |7 0  |p 17A0293515  |o snkSC 104292  |i snkKSP 3996/2001  |0 0  |1 0  |4 0  |d 2001-03-19  |l 0  |r 2025-09-25 00:00:00  |w 2026-02-23